The lying stones of Marrakech : (Record no. 119052)
[ view plain ]
| 000 -LEADER | |
|---|---|
| fixed length control field | 01317cam a2200337 a 4500 |
| 001 - CONTROL NUMBER | |
| control field | 742245 |
| 003 - CONTROL NUMBER IDENTIFIER | |
| control field | ARRUPE |
| 005 - DATE AND TIME OF LATEST TRANSACTION | |
| control field | 20131203190819.0 |
| 008 - FIXED-LENGTH DATA ELEMENTS--GENERAL INFORMATION | |
| fixed length control field | 990614s2000 nyuab 001 0 eng |
| 010 ## - LIBRARY OF CONGRESS CONTROL NUMBER | |
| LC control number | 99036148 |
| 020 ## - INTERNATIONAL STANDARD BOOK NUMBER | |
| International Standard Book Number | 0609601423 |
| 035 ## - SYSTEM CONTROL NUMBER | |
| System control number | (DLC) 99036148 |
| 040 ## - CATALOGING SOURCE | |
| Original cataloging agency | DLC |
| Transcribing agency | DLC |
| Modifying agency | DLC |
| 050 00 - LIBRARY OF CONGRESS CALL NUMBER | |
| Classification number | QH45.5 |
| Item number | .G74 2000 |
| 082 00 - DEWEY DECIMAL CLASSIFICATION NUMBER | |
| Classification number | 508 |
| Edition number | 21 |
| 300 ## - PHYSICAL DESCRIPTION | |
| Other physical details | ill. ; |
| Dimensions | 25 cm. |
| 100 1# - MAIN ENTRY--PERSONAL NAME | |
| Personal name | Gould, Stephen Jay. |
| 9 (RLIN) | 5048 |
| 245 14 - TITLE STATEMENT | |
| Title | The lying stones of Marrakech : |
| Remainder of title | penultimate reflections in natural history / |
| Statement of responsibility, etc | Stephen Jay Gould. |
| 250 ## - EDITION STATEMENT | |
| Edition statement | 1st ed. |
| 260 ## - PUBLICATION, DISTRIBUTION, ETC. (IMPRINT) | |
| Place of publication, distribution, etc | New York : |
| Name of publisher, distributor, etc | Harmony Books, |
| Date of publication, distribution, etc | c2000. |
| 300 ## - PHYSICAL DESCRIPTION | |
| Extent | 372 p. : |
| 500 ## - GENERAL NOTE | |
| General note | Includes index. |
| 650 #0 - SUBJECT ADDED ENTRY--TOPICAL TERM | |
| Topical term or geographic name as entry element | Natural history |
| Form subdivision | Popular works. |
| 9 (RLIN) | 5049 |
| 650 #0 - SUBJECT ADDED ENTRY--TOPICAL TERM | |
| Topical term or geographic name as entry element | Evolution (Biology) |
| Form subdivision | Popular works. |
| 9 (RLIN) | 5050 |
| 856 42 - ELECTRONIC LOCATION AND ACCESS | |
| Materials specified | Contributor biographical information |
| Uniform Resource Identifier | <a href="http://www.loc.gov/catdir/bios/random059/99036148.html">http://www.loc.gov/catdir/bios/random059/99036148.html</a> |
| 856 41 - ELECTRONIC LOCATION AND ACCESS | |
| Materials specified | Sample text |
| Uniform Resource Identifier | <a href="http://www.loc.gov/catdir/samples/random042/99036148.html">http://www.loc.gov/catdir/samples/random042/99036148.html</a> |
| 856 42 - ELECTRONIC LOCATION AND ACCESS | |
| Materials specified | Publisher description |
| Uniform Resource Identifier | <a href="http://www.loc.gov/catdir/description/random045/99036148.html">http://www.loc.gov/catdir/description/random045/99036148.html</a> |
| 906 ## - LOCAL DATA ELEMENT F, LDF (RLIN) | |
| a | 7 |
| b | cbc |
| c | orignew |
| d | 1 |
| e | ocip |
| f | 19 |
| g | y-gencatlg |
| 942 ## - ADDED ENTRY ELEMENTS (KOHA) | |
| Source of classification or shelving scheme | Library of Congress Classification |
| Koha item type | Monograph ( Printed materials) |
| Withdrawn status | Lost status | Source of classification or shelving scheme | Damaged status | Not for loan | Home library | Current library | Shelving location | Date acquired | Total Checkouts | Full call number | Barcode | Date last seen | Price effective from | Koha item type |
|---|---|---|---|---|---|---|---|---|---|---|---|---|---|---|
| Library of Congress Classification | ARRUPE LIBRARY | ARRUPE LIBRARY | Main Collection | 03/12/2013 | QH45.5 .G74 2000 | 464123552 | 02/07/2019 | 03/12/2013 | Monograph ( Printed materials) |